Klíma školy a jej odraz v tvorivosti vysokoškolákov

Tvorivá klíma a jej dimenzie. Cieľ výskumu percipovanie školskej klímy študentami vo vzťahu k ich tvorivým výkonom, osobnostným, kognitívnym a sociálnym charakteristikám. Dotazník tvorivej klímy. Výskumný súbor - 54 študentov 3. ročníka Filozofickej fakulty UK v Bratislave. Výsledky výskumu....

Full description

Bibliographic Details
Main Author: Kováčová, Eva (Author)
Format: Article
Language:Slovak
Subjects:

MARC

LEADER 00000nab a2200000 a 4500
001 vtls001497672
003 SK-MaSNL
005 20260304025210.0
008 140624s1995 xo 000 0 slo
035 |a SPKCL496 
040 |a SPKCL  |b slo  |c SNKBUCL  |d ÚIP-SPK(ZZ)  |e AACR2 
041 |a slo 
044 |a xo  |c SK 
080 |a 37.026.9:378.18.OO1.5:37.015.324.2  |2 1981 
080 |a 37  |2 1981 
100 1 |a Kováčová, Eva  |4 aut  |9 5100 
245 1 0 |a Klíma školy a jej odraz v tvorivosti vysokoškolákov  |c Eva Kováčová 
520 |a Tvorivá klíma a jej dimenzie. Cieľ výskumu percipovanie školskej klímy študentami vo vzťahu k ich tvorivým výkonom, osobnostným, kognitívnym a sociálnym charakteristikám. Dotazník tvorivej klímy. Výskumný súbor - 54 študentov 3. ročníka Filozofickej fakulty UK v Bratislave. Výsledky výskumu. 
650 0 7 |a klíma  |2 SNKPH  |9 834 
650 0 7 |a kreativita  |2 SNKPH  |9 4339 
650 0 7 |a vysokoškolskí študenti  |2 SNKPH  |9 3981 
773 1 |t Pedagogická revue  |g Roč. 47, č. 5-6 (1995) s. 44-52 
850 |a Slovenská pedagogická knižnica Bratislava 
852 |a SPKCL  |b KIS3GCP  |b 000710000  |n SK 
999 |c 2625908  |d 2627838